000 00194 a2200097 4500
001 18244
100 _aP P
245 _aPakistan
260 _a
_bPakistan Publications
_c
090 _c13538
_d13538
942 _aNUST-CAE
_cM
_c3934
999 _c253317
_d253317